| 000 | 03854cam a22005897i 4500 | ||
|---|---|---|---|
| 001 | on1396792713 | ||
| 003 | OCoLC | ||
| 005 | 20240620195748.0 | ||
| 006 | m o d | ||
| 007 | cr cnu---unuuu | ||
| 008 | 230616s2023 enkb o 000 0 eng d | ||
| 040 |
_aP@U _beng _erda _epn _cP@U _dJSTOR _dEBLCP _dOCLCO _dYDX _dN$T _dYDX _dOCLCO _dOCLCQ _dDEGRU _dOCLCQ _dCAMBR _dOCLCF |
||
| 020 |
_a9781641893671 _q(electronic book) |
||
| 020 |
_a1641893672 _q(electronic book) |
||
| 020 | _z9781641893664 | ||
| 035 | _a(OCoLC)1396792713 | ||
| 037 |
_a22573/cats6847247 _bJSTOR |
||
| 043 | _aa-kr--- | ||
| 050 | 4 |
_aBX1670.5 _b.B76 2023 |
|
| 100 | 1 | _aBroomhall, Susan. | |
| 245 | 1 | 0 |
_aEvangelizing Korean Women and Gender in the Early Modern World : _bthe Power of Body and Text. |
| 264 | 1 |
_aLeeds : _bArc Humanities Press, _c2023. |
|
| 264 | 4 | _c©2023 | |
| 300 |
_a1 online resource (140 pages) : _bmaps. |
||
| 336 |
_atext _btxt _2rdacontent |
||
| 337 |
_acomputer _bc _2rdamedia |
||
| 338 |
_aonline resource _bcr _2rdacarrier |
||
| 490 | 0 | _aGender and power in the premodern world | |
| 505 | 0 | _aFront Cover -- Front matter -- Half-title -- Series information -- Title page -- Copyright information -- Table of contents -- Acknowledgments -- Notes on The Text -- List of maps -- Timeline of Key Events -- Body -- Introduction -- The Power of the Body and the Text -- Structure -- Chapter 1. Encounter -- The Joseon Kingdom: "The Treasure Kept for the Man who Most Merits It" -- Korean Women's Bodies and Kirishitan Masculine Performance -- "Fruit Well Taken from This War": Evangelizing Koreans in Japan -- Gender and Mission Strategy -- Conclusions -- Chapter 2. Community | |
| 505 | 8 | _aBecoming Christian: Gender, the Body, and Affectivity -- Articulating Christian Belonging -- Contributing to the Christian Community -- Belonging and the Christian Orders -- Conclusions -- Chapter 3. Suffering -- Korean Women and Psychic Violence -- The Threat of Sexual Violence -- Physical Suffering as the Vulnerable Christ -- Fatal Violence -- Conclusions -- Chapter 4. Mobility -- Men, Mobility, and Missions to Joseon -- Exile as Gendered Opportunity -- Joseon via China: Knowledge Exchanges Between Learned Men -- Conclusions -- Conclusions -- Back matter -- Bibliography | |
| 505 | 8 | _aManuscript Primary Sources -- Printed Primary Sources -- Secondary Sources -- index | |
| 520 | _aThis monograph examines how Korean women and men came to engage with Catholic missions during Europe's late sixteenth and seventeenth centuries, a profoundly volatile period in East Asian history during which political, cultural, and social disruption created opportunities for new interactions in the region. It analyzes the nature of that engagement, as women and men became both subjects for, and agents of, catechizing practices. As their evangelization, exper. | ||
| 590 |
_aJSTOR _bBooks at JSTOR Open Access |
||
| 610 | 2 | 0 |
_aCatholic Church _zKorea _xHistory. |
| 610 | 2 | 0 |
_aCatholic Church _xHistory. _0http://id.loc.gov/authorities/subjects/sh85021115 |
| 610 | 2 | 6 |
_aÉglise catholique _xHistoire. |
| 610 | 2 | 7 |
_aCatholic Church. _2fast _0(OCoLC)fst00531720 |
| 650 | 0 |
_aWomen _xReligious life _zKorea _xHistory. |
|
| 650 | 0 |
_aWomen _zKorea _xHistory. |
|
| 650 | 0 |
_aEvangelistic work _xCatholic Church _xHistory. |
|
| 650 | 6 |
_aFemmes _zCorée _xHistoire. |
|
| 650 | 6 |
_aÉvangélisation _xÉglise catholique _xHistoire. |
|
| 650 | 7 |
_aHISTORY _zAsia _xGeneral. _2bisacsh |
|
| 650 | 7 |
_aEvangelistic work _xCatholic Church. _2fast _0(OCoLC)fst01766677 |
|
| 650 | 7 |
_aWomen. _2fast _0(OCoLC)fst01176568 |
|
| 650 | 7 |
_aWomen _xReligious life. _2fast _0(OCoLC)fst01176921 |
|
| 651 | 7 |
_aKorea. _2fast _0(OCoLC)fst01206434 |
|
| 655 | 7 |
_aHistory. _2fast _0(OCoLC)fst01411628 |
|
| 856 | 4 | 0 | _uhttps://www.jstor.org/stable/10.2307/jj.6852983 |
| 942 | _cE-BOOK | ||
| 994 |
_a92 _bPHURS |
||
| 999 |
_c80610 _d80609 |
||